| 000 | 00000nam 2200000zi 4500 |
| 001 | 9.947506 |
| 003 | CaOODSP |
| 005 | 20250203142435 |
| 006 | m o d f |
| 007 | cr bn||||||||| |
| 008 | 250129e198007 oncd ob f000 0 eng d |
| 040 | |aCaOODSP|beng|erda|cCaOODSP |
| 043 | |an-cn--- |
| 086 | 1 |aDR52-19/15-1980E-PDF |
| 100 | 1 |aNishi, R. Y., |eauthor. |
| 245 | 10|aXDC-2 digital decompression computer : |bassessment of decompression profiles by ultrasonic monitoring, phase I : 36-54 MSW / |cR.Y. Nishi, K.E. Kisman, I.P. Buckingham, B.C. Eatock, G. Masurel. |
| 264 | 1|aDownsview, Ontario : |bDefence and Civil Institute of Environmental Medicine : |bDepartment of National Defence, Canada, |cJuly 1980. |
| 300 | |a1 online resource (36 pages, 10 unnumbered pages) : |bgraphs. |
| 336 | |atext|btxt|2rdacontent |
| 337 | |acomputer|bc|2rdamedia |
| 338 | |aonline resource|bcr|2rdacarrier |
| 490 | 1 |aDCIEM report ; |vno. 80-R-32 |
| 500 | |aDigitized edition from print [produced by Defence R&D Canada]. |
| 504 | |aIncludes bibliographical references (pages 18-19). |
| 650 | 0|aDecompression (Physiology)|zCanada|xData processing. |
| 650 | 0|aDecompression (Physiology)|zCanada|xTesting. |
| 650 | 6|aDécompression (Physiologie)|zCanada|xInformatique. |
| 650 | 6|aDécompression (Physiologie)|zCanada|xEssais. |
| 710 | 2 |aDefence and Civil Institute of Environmental Medicine (Canada), |eissuing body. |
| 710 | 1 |aCanada. |bDepartment of National Defence, |eissuing body. |
| 830 | #0|aDCIEM report ;|vno. 80-R-32.|w(CaOODSP)9.941842 |
| 856 | 40|qPDF|s2.60 MB|uhttps://publications.gc.ca/collections/collection_2025/rddc-drdc/DR52-19-15-1980-eng.pdf |